[Event "83rd Tata Steel Masters 2021"]
[Site "Wijk aan Zee"]
[Date "2021.01.31"]
[Round "13.2"]
[White "Donchenko, Alexander"]
[Black "Esipenko, Andrey"]
[Result "0-1"]
[WhiteElo "2668"]
[BlackElo "2677"]
[Annotator "harry"]
[PlyCount "84"]
[EventDate "2021.??.??"]

{[%evp 0,84,19,-12,-10,-51,-24,-19,-9,-25,-21,-1,-15,-17,-10,-9,33,31,5,11,11,
5,33,22,47,50,16,19,19,14,17,21,0,0,18,71,49,52,147,-2,2,0,57,2,14,0,-6,0,-17,
4,-11,-5,3,3,-39,-40,-42,-16,-26,-62,-50,-66,-38,-46,-47,-63,-56,-67,-65,-80,
-97,-200,-190,-203,-199,-231,-283,-285,-300,-304,-304,-305,-340,-358,-271,-271,
-301]} 1. c4 Nf6 2. g3 e6 3. Bg2 d5 4. Nf3 dxc4 5. Qa4+ Nbd7 6. Qxc4 a6 (6...
c5 7. O-O b6 8. d4 Bb7 9. Nc3 Rc8 10. Rd1 a6 11. dxc5 Bxc5 12. Qh4 b5 13. Ne5
Bxg2 14. Nxd7 Nxd7 15. Qxd8+ Kxd8 16. Kxg2 Ke7) 7. Qc2 c5 8. Nc3 (8. O-O b5 9.
a4 Bb7 10. d3 Be7 11. Nc3 Qb6 12. axb5 axb5 13. Rxa8+ Bxa8) 8... Qc7 9. O-O b6
10. d4 Bb7 11. Bf4 Bd6 12. Bxd6 Qxd6 13. Rfd1 O-O 14. e4 Qc7 15. Rac1 cxd4 16.
Nxd4 Rad8 17. Qe2 Qb8 {(De opening lijkt gelijk te lopen, maar toch krijgt wit
een voordeel toegewezen.)} 18. Rc2 (18. e5 $1 Bxg2 19. exf6 Ba8 20. fxg7 Kxg7
21. Qxa6) 18... b5 19. Nb3 ({en opnieuw mogelijk was} 19. e5 Bxg2 20. exf6 Ba8
21. fxg7 Kxg7 {met kleine plus voor wit.}) 19... Ne5 20. Nc5 (20. f4 $2 Nc4)
20... Bc8 21. Rcd2 Qc7 22. Nd3 Nxd3 (22... Rxd3 23. Rxd3 b4 24. Na4 Nxd3 25.
Qxd3 {gelijk.}) 23. Rxd3 b4 24. Rxd8 Rxd8 25. Rxd8+ Qxd8 26. Nd1 Bb7 27. e5 $5
{(Nu is dat te laat en niet meer goed. Wit zal een pion verliezen.)} Bxg2 28.
Kxg2 (28. exf6 $2 Bb7 (28... Qd5 $4 29. Qg4 {en wit wint.}) 29. fxg7 Qd5 30. f3
Qxf3 31. Qxf3 Bxf3 32. Ne3 {en zwart voordeel}) 28... Qd5+ 29. Kg1 Nd7 30. Ne3
(30. f4 Qxa2 31. Qd2 Qa4 {zwart beter.}) 30... Qxa2 31. Qd1 Nf8 32. Qd4 a5 33.
Nc4 h5 34. Nd6 Ng6 35. Qa7 $2 {(Zie diagram)(Wit kan niks bereiken op f7.
Zwart kan a5 geven voor b2 en zo een lustige vrijpion overhouden.)} (35. Kf1)
35... Qb1+ $1 36. Kg2 Nxe5 37. Qxa5 Qxb2 38. Qa8+ Kh7 39. Qe4+ f5 (39... g6 {
is minder, vooral omdat f6 vrij komt voor het paard. Opgeven is een goed
alternatief voor wit.}) 40. Qh4 Qe2 41. Qxb4 Nd3 42. Qb6 h4 {(Geweldig hoe
alles op wieltjes loopt voor zwart. Zwart stond wel beter, maar toch.)} (42...
h4 $1 {en er kan volgen:} 43. h3 ({of erger} 43. gxh4 Nf4+ 44. Kg1 Qe1#) (43.
Nf7 Ne1+ 44. Kg1 Nf3+ 45. Kg2 h3+ 46. Kh1 Qf1#) 43... f4 $1) 0-1

[Event "83rd Tata Steel Masters 2021"]
[Site "Wijk aan Zee"]
[Date "2021.01.31"]
[Round "13.3"]
[White "Carlsen, Magnus"]
[Black "Vachier-Lagrave, Maxime"]
[Result "1-0"]
[WhiteElo "2862"]
[BlackElo "2784"]
[Annotator "Cé.Ha."]
[PlyCount "79"]
[EventDate "2021.??.??"]

{[%evp 0,79,36,28,34,-11,43,37,71,84,78,78,49,70,59,33,47,34,26,14,22,40,14,7,
31,34,49,34,32,38,37,41,25,-31,-17,7,0,0,-23,-42,-38,10,28,30,19,37,18,18,56,
52,43,31,31,38,85,36,41,24,36,18,49,18,17,49,85,43,72,65,85,98,172,190,190,198,
330,377,377,388,386,375,375,379]} 1. d4 Nf6 2. c4 g6 3. Nc3 d5 4. cxd5 Nxd5 5.
e4 Nxc3 6. bxc3 Bg7 7. Qa4+ (7. Bc4 c5 8. Ne2 Nc6 9. Be3 O-O 10. O-O) 7... Qd7
{D85: Exchange Grünfeld: Unusual White 7th moves and lines with 7 Nf3.} 8. Qa3
(8. Qb3 O-O 9. Nf3 c5 10. d5 e6 11. Be3 exd5 12. exd5 b6 13. Bb5 Qd6 14. O-O
Bd7 15. a4 Bxb5 16. axb5 Nd7 17. Ra4 Ne5 18. Nxe5 Bxe5 19. g3 Rfd8 20. Rd1 Rd7
21. Bf4 Bxf4 22. Rxf4 Re8 23. c4 Re2 24. Qc3 Rde7 25. Rf6 Qd7 26. d6 R7e4 27.
Qf3 Qh3 28. Qxe4 Rxe4 29. d7 Re1+ 30. Rxe1 Qxd7 31. h4 h5 32. Rf4 Kg7 33. Re5
f5 34. Rd5 Qe6 35. Kh2 Qe2 36. Rd7+ {1-0 (36) Nakamura,H (2791)-Vachier
Lagrave,M (2819) chess.com INT 2016}) 8... b6 9. Nf3 c5 (9... Bb7 10. Bd3 O-O
11. O-O) 10. Be3 O-O 11. Rd1 cxd4 12. cxd4 (12. Bxd4 Qc7 (12... Bxd4 13. cxd4
Bb7 14. d5 {gelijk.})) 12... Qd6 13. Qxd6 exd6 {(Wordt de zwarte d pion een
target?)} 14. Rc1 Bb7 15. Bd3 Nc6 16. Kd2 $1 Rac8 17. h4 Nb4 18. Bb1 Rce8 19.
a3 Nc6 20. Ba2 $1 Rxe4 21. Bd5 $1 {(Pionnetjes eten geeft soms een slechte
nasmaak!)} Na5 22. Bxe4 Bxe4 23. Rc7 a6 24. h5 $1 b5 (24... Re8 25. Rh4 Bd5 26.
hxg6 hxg6 27. Kd3 {en wit blijft voordeel houden.}) 25. h6 Bf6 26. Bg5 {(het
loperpaar bedreigd!)} Bh8 27. Rh4 (27. Be7 $1 Re8 28. Re1 Nc4+ 29. Rxc4 bxc4
30. Rxe4 Bf6 31. Bxf6 Rxe4 32. g3 {en wit blijft beter.}) 27... Bd5 28. Kc3 Nc4
29. Nd2 $1 Nxa3 $2 (29... Nxd2 30. Kxd2 Bxg2 31. Rd7 d5 32. Rf4 {en wit blijft
plus.}) 30. Kb4 Nc4 31. Nxc4 Bxc4 (31... bxc4 {is iets beter.} 32. Be7 Rb8+ 33.
Kc3 (33. Ka4 Ra8) 33... Rb3+ 34. Kc2 {maar wit toch plus.}) 32. Be7 Re8 {(Zie
diagram)} 33. Rf4 $1 {(De doodsteek! Zwart kan de dreigingen niet meer baas)} (
33. Bxd6 {is veel minder sterk.}) 33... f5 34. g4 $1 Kf7 35. Bxd6+ Ke6 36. Bc5
Bf6 $2 (36... a5+ 37. Kxa5 Kf6 38. gxf5 Ra8+ 39. Kb4 gxf5 40. Rxh7 Kg5 41. Bd6
Bf6 42. Rg7+ Bxg7 (42... Kh5 43. Rxf5+ Kxh6 44. Rg3) 43. hxg7 Rg8 44. Rf3 $1
Kh6 45. Be5 {wit wint.}) (36... Kf6 37. gxf5 gxf5 38. Rf3 (38. Rxh7 Bf7 39.
Rxf5+ Kxf5 40. Rxf7+ {en wit wint.})) 37. gxf5+ gxf5 38. Rc6+ Kf7 39. Rxf5 Re6
40. d5 $1 {(Een fijne afsluiting van een slechte zwart partij.)} 1-0

[Event "83rd Tata Steel Masters 2021"]
[Site "Wijk aan Zee"]
[Date "2021.01.31"]
[Round "13.4"]
[White "Van Foreest, Jorden"]
[Black "Grandelius, Nils"]
[Result "1-0"]
[WhiteElo "2671"]
[BlackElo "2663"]
[Annotator "Cé.Ha."]
[PlyCount "93"]
[EventDate "2021.??.??"]

{[%evp 0,93,42,28,57,51,86,86,58,37,39,36,72,23,42,49,53,49,60,60,38,26,12,-22,
-9,-33,-12,-30,35,0,30,-7,-21,-18,8,-6,11,9,-5,25,18,-65,-64,5,2,-30,33,33,35,
58,50,63,67,19,46,59,21,32,44,36,39,-24,156,206,194,241,248,251,247,240,256,
191,271,282,288,288,301,300,303,303,498,357,515,524,544,621,643,682,1061,1077,
1243,1371,1891,29986,29993,29990]} 1. e4 c5 2. Nf3 d6 3. d4 cxd4 4. Nxd4 Nf6 5.
Nc3 a6 {(Het Siciliaans, met de Najdorf variant kwam in dit toernooi meer aan
bod. Wit deed er goede zaken mee)} 6. Qd3 $1 {(Minder gebruikelijk.)} (6. Be3
e5 7. Nb3 Be6 8. f3 Be7 9. Qd2 O-O 10. O-O-O) 6... Nbd7 7. Be2 b5 (7... Nc5 8.
Qe3 e6 9. Bd2 Be7 10. g4 d5 11. exd5 exd5 12. O-O-O O-O 13. f3 Bd7 14. g5 Nh5
15. f4 g6 16. Bxh5 gxh5 17. Nxd5 Re8 18. Bc3 Bg4 19. Nf5 Bxf5 20. Qe5 f6 21.
Qxf5 Qc8 22. Nxf6+ {1-0 (22) Anton Guijarro,D (2631)-Wang,H (2729) Dubai 2014})
(7... g6 8. Bg5 Bg7 9. O-O-O h6 10. Bh4 O-O 11. Kb1 Qc7 12. Qe3 b5 13. g4 Bb7
14. g5 hxg5 15. Bxg5 b4 16. Nd5 Bxd5 17. exd5 Nxd5 18. Qe4 N7f6 19. Bxf6 Nxf6
20. Qg2 Rfc8 21. h4 e5 22. h5 exd4 23. Bd3 Nxh5 24. Rxh5 gxh5 25. Rg1 f5 26.
Bc4+ d5 27. Qxd5+ Kh8 28. Bb3 d3 {0-1 (28) Oparin,G (2604)-Nepomniachtchi,I 
(2751) Zuerich 2017}) 8. a4 Nc5 9. Qe3 b4 10. Nd5 Ncxe4 11. a5 $1 {(Wordt niet
vernoemd door de computer, maar ik vind het een goede zet die de damevleugel
spltst)} (11. Nxb4 Qc7 (11... e5 12. Ndc6 Qc7 13. Bf3 Bb7 14. Bxe4 Nxe4 15.
Qxe4 a5 $1 16. Qc4 Rc8 (16... axb4 17. Nxe5 Qxc4 18. Nxc4 Bxg2 19. Rg1 Be4 20.
Nb6 Ra6 21. a5 {en gelijk.}) 17. Qb5 Bxc6 18. Nxc6 Qxc6 19. c3 {en wit staat
goed.}) 12. f3 Nc5 13. O-O g6 14. Rd1) (11. Nxf6+ Nxf6 12. a5 {is beter voor
zwart.}) 11... Nxd5 12. Qxe4 e6 (12... Bb7 $1 13. O-O (13. Bc4 e6 14. O-O Qc8
15. Qd3 {zwart iets beter.}) 13... Qc8 14. Nf5 e6 15. Re1 g6) 13. O-O Bd7 (
13... Bb7) 14. Bd2 Be7 15. Bf3 O-O 16. Qd3 Qb8 17. c4 bxc3 18. bxc3 Ra7 19.
Rfb1 Qc8 20. c4 Nf6 {(Zie diagram)} 21. Nb5 $1 axb5 22. cxb5 Bxb5 {(Niet zo
gek dat stuk terug geven.)} (22... e5 23. b6 Bf5 24. Qe3 Ra6 25. Rb2 Nd7 {en
wit plus.}) 23. Qxb5 Nd7 24. Bb7 $1 {(De druk op de damevleugel door wit wordt
nu groot. Loperpaar en vrijpion werken samen!)} Qd8 (24... Qc7 25. a6 Bd8 26.
Rd1 (26. Ba5 Qc5) (26. Be3 Nc5) 26... Nc5 27. Rac1 {en de witte druk blijft
groot.}) 25. a6 Bf6 26. Ba5 $1 (26. Ra4 Nc5 27. Rc4 Qb8 (27... Nxb7 28. axb7 h5
(28... Qb8 29. Qd7 {en zwart K.O.}) 29. Be3 {en wit wint.}) 28. Bf4 e5 29. Be3
Be7 {wit plus.}) 26... Qe8 27. Bc7 $4 {(Niet zo best!! Een heel deel van de
voorsprong gaat verloren! In verschillende varianten behoudt wit meer voordeel.
)} (27. Ra2 Bd8 28. Bb4 Be7 29. g3 (29. Bc6 Qc8 30. g3 g6 (30... Ne5 31. Bb7
Qe8 32. Qb6 Qb8 33. Rc2)) 29... h6 30. Bxd6 Bxd6 31. Rd2 Nf6 (31... Qe7 32.
Rbd1) 32. Rxd6) 27... Bxa1 28. Rxa1 d5 $2 {(Zwart maakt de witte fout goed!)} (
28... Nc5 29. Qb6 Qd7 30. Qxa7 Qxc7 31. Rb1 {en zwart stelt gelijk.}) 29. Bd6
Qd8 30. Rc1 $5 (30. Bxf8 Nxf8 31. Rc1 {en zwart mag naar huis.}) 30... g6 $2 (
30... Re8 31. Rc7 ({spontaan} 31. Rc8 $4 {zou de rollen omdraaien.} Qxc8 32.
Bxc8 Rxc8 33. f4) 31... Nb8) 31. h3 (31. Bxf8 {en wit wint. Niet te geloven
wit speelt het niet!} Nxf8 32. Rc8 Qf6 (32... Qe7 33. Qb6 Qa3 34. g3 Rxa6 35.
Bxa6) 33. g3 Qd4 (33... Qa1+ 34. Kg2 Qd4) 34. Qe8 Qb4 35. h4 Kg7 {en wit plus.}
) 31... Re8 32. Rc7 Nf6 $4 (32... Nb8 33. Rc8 Qxc8 34. Bxc8 Rxc8 35. Bxb8 Rxa6
36. Qxa6 Rxb8 {en dat zal wel lukken.}) 33. Be5 {en hier tekent de ondergang
zich duidelijk af.} Ne4 34. Qc6 Rf8 35. Bd4 Qb8 36. f3 Rxa6 37. Bxa6 Qb4 38.
Be5 Qe1+ 39. Kh2 Nf2 40. Qc3 (40. Bd4 Qh1+ 41. Kg3 Qe1 42. Bxf2 Qe5+ 43. f4 {
en geen hoop meer.}) 40... Qh1+ 41. Kg3 Qg1 42. Rc8 Nh1+ 43. Kh4 Qf2+ 44. g3
g5+ 45. Kxg5 f6+ 46. Kh6 fxe5 47. Qxe5 {en zwart gaat mat.} (47. Qxe5 Qxg3 (
47... Qd2+ 48. f4) 48. Qxe6+ Kh8 49. Rxf8+) 1-0